Galdós y la ceguera / (Record no. 198159)

MARC details
000 -LEADER
campo de control de longitud fija 01550nam a2200385 i 4500
001 - NÚMERO DE CONTROL
campo de control 198159
003 - IDENTIFICADOR DE NÚMERO DE CONTROL
campo de control ES-MaACL
005 - FECHA Y HORA DE LA ÚLTIMA TRANSACCIÓN
campo de control 20260608170756.0
007 - CAMPO FIJO DE DESCRIPCIÓN FÍSICA--INFORMACIÓN GENERAL
campo de control de longitud fija ta
008 - DATOS DE LONGITUD FIJA--INFORMACIÓN GENERAL
campo de control de longitud fija 260313s2025 sp a||| ||||| 000 1dspa
017 ## - NÚMERO DE COPYRIGHT O DE DEPÓSITO LEGAL
Número de copyright o de depósito legal M 15812-2025
Agencia que asigna Oficina Depósito Legal Madrid
020 ## - NÚMERO INTERNACIONAL ESTÁNDAR DEL LIBRO
Número Internacional Estándar del Libro 978-84-19148-59-9
040 ## - FUENTE DE CATALOGACIÓN
Centro catalogador/agencia de origen ES-MaACL
Lengua de catalogación spa
Centro/agencia transcriptor ES-MaACL
Normas de descripción rda
080 ## - NÚMERO DE LA CLASIFICACIÓN DECIMAL UNIVERSAL
Número de la Clasificación Decimal Universal 929 Pérex Galdós, Benito (0:82)
080 ## - NÚMERO DE LA CLASIFICACIÓN DECIMAL UNIVERSAL
Número de la Clasificación Decimal Universal 821.134.2-91"20"
080 ## - NÚMERO DE LA CLASIFICACIÓN DECIMAL UNIVERSAL
Número de la Clasificación Decimal Universal 741.52
100 1# - ENTRADA PRINCIPAL--NOMBRE DE PERSONA
Nombre de persona El Torres
Fechas asociadas al nombre 1972-
Relación aut
9 (RLIN) 242911
Término indicativo de función/relación Autor
245 10 - MENCIÓN DEL TÍTULO
Título Galdós y la ceguera /
Mención de responsabilidad, etc. El Torres, Alberto Hernández Rivero
250 ## - MENCION DE EDICION
Mención de edición Nuevo Nueve editores por esta primera edición en castellano de septiembre de 2025
264 #1 - PRODUCCIÓN, PUBLICACIÓN, DISTRIBUCIÓN, FABRICACIÓN Y COPYRIGHT
Producción, publicación, distribución, fabricación y copyright Madrid
Nombre del de productor, editor, distribuidor, fabricante Nuevo Nueve,
Fecha de producción, publicación, distribución, fabricación o copyright 2025
264 #4 - PRODUCCIÓN, PUBLICACIÓN, DISTRIBUCIÓN, FABRICACIÓN Y COPYRIGHT
Fecha de producción, publicación, distribución, fabricación o copyright ©2025
300 ## - DESCRIPCIÓN FÍSICA
Extensión 57 páginas :
Otras características físicas principalmente ilustraciones (color) ;
Dimensiones 28 cm
336 ## - TIPO DE CONTENIDO
Término de tipo de contenido imagen fija
-- texto
Fuente rdacontent
337 ## - TIPO DE MEDIO
Nombre/término del tipo de medio sin mediación
Fuente rdamedia
338 ## - TIPO DE SOPORTE
Nombre/término del tipo de soporte volumen
Fuente rdacarrier
500 ## - NOTA GENERAL
Nota general Ejemplar firmado y dedicado por el autor
600 17 - PUNTO DE ACCESO ADICIONAL DE MATERIA--NOMBRE DE PERSONA
Nombre de persona Pérez Galdós, Benito
Fechas asociadas al nombre 1843-1920
Fuente del encabezamiento o término embne
9 (RLIN) 90871
655 #7 - TERMINO DE INDIZACIÓN--GENERO/FORMA
Datos o término principal de género/forma Cómics biográficos
Fuente del término tgfbne
9 (RLIN) 242912
700 1# - ENTRADA AGREGADA--NOMBRE PERSONAL
Nombre de persona Hernández, Alberto
Forma completa/desarrollada del nombre Hernández Rivero
Relación art
9 (RLIN) 242914
Término indicativo de función/relación Artista
852 ## - LOCALIZACIÓN
Ubicación ES-MaACL
Ubicación en estantería Depósito 1
Número de control de estantería A-16001
Anotaciones manuscritas Dedicatoria autógrafa del autor
Donativo/Legado Donación: El Torres
Encuadernación Encuadernación cartoné
itemnumber 207436
942 ## - ELEMENTOS DE ENTRADA SECUNDARIOS (KOHA)
Fuente del sistema de clasificación o colocación Clasificación decimal universal
Tipo de ítem Koha Libro impreso
Suprimir en OPAC No
Holdings
Estatus retirado Estado de pérdida Fuente del sistema de clasificación o colocación Estado de daño No para préstamo Biblioteca de origen Biblioteca actual Ubicación en estantería Fecha de adquisición Fuente de adquisición Total de préstamos Signatura topográfica completa Código de barras Visto por última vez Precio de reemplazo Tipo de ítem Koha Nota pública
    Clasificación decimal universal     Biblioteca del Ateneo de Madrid Biblioteca del Ateneo de Madrid Depósito 1 08/06/2026 Donación   A-16001 2026-0428 08/06/2026 08/06/2026 Libro impreso Dedicatoria autógrafa del autor